[Event "European Youth Chess Championship G16"]
[Site "Prague, Top Hotel Prague"]
[Date "2012.08.18"]
[Round "2.36"]
[White "Lampard, Alice"]
[Black "Djogteva, Jekaterina"]
[Result "0-1"]
[WhiteElo "1593"]
[BlackElo "1828"]
[PlyCount "134"]
[EventDate "2012.08.17"]

1. e4 c5 2. Nf3 e6 3. d4 cxd4 4. Nxd4 a6 5. Nc3 Qc7 6. Bd3 Nc6 7. Nb3 Nf6 8.
O-O Be7 9. Be3 b5 10. a3 O-O 11. f4 d6 12. Qe2 Re8 13. Rae1 d5 14. e5 Nd7 15.
Nd4 g6 16. Qf2 Ndb8 17. Nce2 Na5 18. Kh1 Nc4 19. Bxc4 dxc4 20. Rd1 Bb7 21. Nf3
Nd7 22. Ned4 Nc5 23. Nd2 Na4 24. b3 Nc3 25. Ra1 Qd8 26. Kg1 Bh4 27. g3 Qd5 28.
Qf3 Qd7 29. Qf2 Be7 30. bxc4 bxc4 31. Ne2 Qd5 32. Nf3 Ne4 33. Qg2 Bc5 34. Ned4
Nc3 35. Ne1 Qxg2+ 36. Nxg2 Bxd4 37. Bxd4 Ne2+ 38. Kf2 Nxd4 39. Ne3 Rac8 40.
Rfd1 Red8 41. c3 Nb3 42. Rab1 Be4 43. Rb2 Rxd1 44. Nxd1 Rd8 45. Ne3 Rd2+ 46.
Rxd2 Nxd2 47. Ke2 Nb1 48. Nxc4 Nxc3+ 49. Ke3 Bd5 50. Nb6 Nb5 51. a4 Nc3 52. Kd4
Ne2+ 53. Kd3 Nc1+ 54. Kd4 Nb3+ 55. Kc3 Nc5 56. Kd4 Ne4 57. Nd7 a5 58. Nb6 Kf8
59. Nd7+ Ke7 60. Nc5 Nxc5 61. Kxc5 f6 62. Kb5 fxe5 63. fxe5 Kd7 64. Kxa5 Kc6
65. Kb4 Kb6 66. g4 g5 67. a5+ Ka6 0-1

[Event "European Youth Chess Championship G16"]
[Site "Prague, Top Hotel Prague"]
[Date "2012.08.18"]
[Round "2.37"]
[White "Grochocinska, Urszula"]
[Black "Stranska, Kamila"]
[Result "1-0"]
[WhiteElo "1828"]
[BlackElo "1633"]
[PlyCount "105"]
[EventDate "2012.08.17"]

1. b3 Nf6 2. Bb2 d5 3. g3 Bf5 4. Bg2 e6 5. e3 c5 6. Ne2 Nc6 7. d3 Be7 8. Nd2
O-O 9. h3 Bg6 10. g4 Nd7 11. Nf3 Bf6 12. Bxf6 Qxf6 13. h4 h5 14. g5 Qd8 15. Nf4
Qa5+ 16. Nd2 Nde5 17. Nxh5 Qc3 18. Nf4 Nb4 19. O-O Rac8 20. a3 Nbc6 21. h5 Bf5
22. Ne2 Qa5 23. Ng3 Rfd8 24. e4 dxe4 25. Bxe4 Bxe4 26. Ndxe4 Nd4 27. f4 Nd7 28.
h6 g6 29. Nd6 Rc7 30. Nge4 Nf5 31. Nc4 Qa6 32. Qe1 b5 33. Ne3 Qb6 34. Nxf5 exf5
35. Qc3 f6 36. Nxf6+ Nxf6 37. gxf6 Rf7 38. Rae1 Rdf8 39. Re7 Qxf6 40. Qxf6 Rxf6
41. Rxa7 c4 42. dxc4 bxc4 43. bxc4 Rc8 44. Rb1 Rf7 45. Rxf7 Kxf7 46. Rb7+ Kg8
47. a4 Rxc4 48. a5 Ra4 49. Ra7 Ra1+ 50. Kg2 Ra2 51. a6 Rxc2+ 52. Kg3 Rc4 53.
Rb7 1-0

[Event "European Youth Chess Championship G16"]
[Site "Prague, Top Hotel Prague"]
[Date "2012.08.18"]
[Round "2.38"]
[White "Goian, Valeria"]
[Black "Foster, Chantelle L"]
[Result "1/2-1/2"]
[WhiteElo "1411"]
[BlackElo "1824"]
[PlyCount "96"]
[EventDate "2012.08.17"]

1. d4 d5 2. Nf3 Nf6 3. e3 Bf5 4. c4 c6 5. Nc3 e6 6. cxd5 exd5 7. Be2 Bd6 8. O-O
O-O 9. a3 a5 10. Nh4 Be6 11. Rb1 Ne4 12. Nf3 Nd7 13. Nd2 Nxd2 14. Bxd2 Bf5 15.
Ra1 Nf6 16. Qc1 Qc7 17. g3 Rfe8 18. b3 h5 19. Bf3 h4 20. Bg2 Ne4 21. Nxe4 Bxe4
22. b4 axb4 23. axb4 Rxa1 24. Qxa1 Qe7 25. Qb2 Bd3 26. Re1 Qf6 27. b5 Qf5 28.
bxc6 h3 29. Bf1 Bxf1 30. Kxf1 Qd3+ 31. Kg1 bxc6 32. Rf1 Rb8 33. Qc3 Rb3 34.
Qxc6 Bf8 35. Bc1 Qf5 36. f3 Rb1 37. e4 dxe4 38. Qxe4 Qxe4 39. fxe4 Rb4 40. Be3
g6 41. Rf3 Rb3 42. g4 Bh6 43. Kf2 Rb2+ 44. Kg3 Bg7 45. Kxh3 Rb4 46. Kg3 Bxd4
47. Bxd4 Rxd4 48. Re3 Kg7 1/2-1/2

[Event "European Youth Chess Championship G16"]
[Site "Prague, Top Hotel Prague"]
[Date "2012.08.18"]
[Round "2.39"]
[White "Gueci, Laura"]
[Black "Branco, Joana Catarina Cost"]
[Result "1/2-1/2"]
[WhiteElo "1819"]
[BlackElo "1394"]
[PlyCount "147"]
[EventDate "2012.08.17"]

1. c4 c5 2. Nc3 Nc6 3. g3 Nf6 4. Bg2 g6 5. a3 Bg7 6. Rb1 O-O 7. b4 d6 8. Nf3
Bd7 9. O-O Rc8 10. d3 Bf5 11. bxc5 dxc5 12. Rxb7 Na5 13. Rb1 a6 14. Nh4 Be6 15.
Bd2 Qc7 16. Nd5 Nxd5 17. cxd5 Bd7 18. Bf4 Qd8 19. Nf3 c4 20. dxc4 Nxc4 21. a4
Qa5 22. Rb7 Bxa4 23. Qb1 Qxd5 24. Ne5 Qe6 25. Nxc4 Rxc4 26. Rb6 Qxe2 27. Re1
Qc2 28. Qxc2 Rxc2 29. Be4 Ra2 30. Bb1 Bd4 31. Bxa2 Bxb6 32. Rxe7 Bd4 33. Re4
Rd8 34. Bg5 Bf6 35. Rxa4 Bxg5 36. Rxa6 Rd1+ 37. Kg2 Rd2 38. Kf3 Be7 39. Ke3 Rb2
40. Ra5 Kg7 41. h4 Bd8 42. Ra6 Bb6+ 43. Ke4 Bxf2 44. Kf3 Bc5 45. Bd5 Rf2+ 46.
Kg4 h5+ 47. Kh3 Rd2 48. Be4 Bg1 49. Bg2 Rd3 50. Bf1 Rc3 51. Ra2 Bd4 52. Rg2 f6
53. Kh2 Be5 54. Be2 f5 55. Bb5 f4 56. gxf4 Bxf4+ 57. Kg1 Bg3 58. Rxg3 Rxg3+ 59.
Kh2 Rb3 60. Bc6 Kf6 61. Be8 Re3 62. Bd7 g5 63. hxg5+ Kxg5 64. Bc8 $11 64... Kf4
65. Bd7 h4 66. Bc8 Rg3 67. Bb7 Ke3 68. Bc6 Kf2 69. Bd7 h3 70. Bc8 Rg8 71. Be6
Rg6 72. Bc8 Kf3 73. Bb7+ Kf4 74. Kxh3 1/2-1/2